000 00560cam a2200217 a 4500
001 3315829
005 20180116045658.0
008 860131s1986 nyua b 001 0 eng
010 _a 84045316
020 _a0465014259 :
_c$24.95
040 _aDLC
_cDLC
_dDLC
041 _aeng
080 _a658.4012
082 0 0 _a658.4012 NAY
_219
100 1 _a54
101 _aLID
245 1 4 _aThe corporate strategy matrix /
_cThomas H. Naylor.
504 _aBibliography: p. 276-280.
906 _a7
_bcbc
_corignew
_d1
_eocip
_f19
_gy-gencatlg
942 _2ddc
_cBK
999 _c40362
_d40362